| 000 | 00339nam a2200109Ia 4500 | ||
|---|---|---|---|
| 008 | 171211s9999 xx 000 0 und d | ||
| 245 | _aWeb Design with HTML and CSS Digital Classroom | ||
| 245 | _cJennifer Smith and Jeremy Osborn | ||
| 260 | _c2011 | ||
| 650 | _xWeb Development | ||
| 856 | _uhttp://down.ebook777.com/014/978-0470583609.pdf | ||
| 999 |
_c350058 _d350058 |
||